000 00461pab a2200169 454500
008 180718b2010 xxu||||| |||| 00| 0 eng d
100 _aTyagi, Archana
245 _aEmerging employment relationships: issues and concerns in psychological contract
260 _c2010
300 _ap.381-95.
362 _aJan
650 _aEmployers
700 _aAgrawal, Rakesh Kumar
773 _aIndian Journal of Industrial Relations
908 _aN
909 _a85859
999 _c85859
_d85859